000 00456nam a2200181Ia 4500
005 20250326144214.0
008 250326s9999 xx 000 0 und d
037 _aTextbook
040 _aFMSL
_beng
_cFMSL
041 _aeng
_2eng
084 _qFMSL
100 _aReed R
_9737961
245 0 _aPlant location layout & maintece
_cReed R
260 _aIllinois
_bIllinois, Irwin
_c1967
300 _a193p
942 _cTB
999 _c1302789
_d1302789